banner-ar

التعليق على قانون المسطرة المدنية المغربى فى ضوء الفقة والقضاء / (Record no. 27782)

MARC details
000 -الفاتح
حقل البيانات ثابتة الطول 00777nam a2200229Ia 4500
008 - عناصر البيانات ثابتة الطول - معلومات عامة
حقل البيانات ثابتة الطول 140319s9999 xx 000 0 ara d
040 ## - مصدر الفهرسة
وكالة الفهرسة الأصلية GCL /
وكالة النسخ GCL
082 04 - رقم تصنيف ديوى العشرى
رقم التصنيف 342.64
رقم المادة ع ت
100 1# - المدخل الرئيسى - إسم شخصى
الإسم الشخصى عبدالباسط جميعى
245 10 - بيان العنوان
العنوان التعليق على قانون المسطرة المدنية المغربى فى ضوء الفقة والقضاء /
بيان المسئوليه,etc عبدالباسط جميعى
700 1# - المدخل الاضافى - اسم شخصى
الإسم الشخصى سعيد الفكهانى
700 1# - المدخل الاضافى - اسم شخصى
الإسم الشخصى عبدالسلام بنانى
700 1# - المدخل الاضافى - اسم شخصى
الإسم الشخصى العباسى الصاوى
260 ## - PUBLICATION, DISTRIBUTION, ETC. (IMPRINT)
تاريخ النشر أو التوزيع 1993
300 ## - الوصف المادى
التعداد 2 جزء
490 ## - بيان السلسلة
عنوان السلسلة
650 04 - المدخل الاضافى بالموضوع-مصطلح موضوعى
مصطلح موضوعي القانون
650 04 - المدخل الاضافى بالموضوع-مصطلح موضوعى
مصطلح موضوعي المغرب
650 04 - المدخل الاضافى بالموضوع-مصطلح موضوعى
مصطلح موضوعي القانون المدنى
942 ## - عناصر المدخل الإضافي( كوها)
مصدر التصنيف او مخطط الترفيف Dewey Decimal Classification
Koha [default] item type كتاب
260 ## - PUBLICATION, DISTRIBUTION, ETC. (IMPRINT)
-- [S.N] :
-- الدار العربية للموسوعات ،
Holdings
حالة التراجع حالة الفقد حالة تلف ليس للاعارة المكان المؤقت الموقع الحالى تاريخ الاكتساب اجمالي اﻻعارات رقم الطلب الباركود تاريخ اخر مشاهدة تاريخ تفعيل السعر نوع وعاء كوها مصدر التصنيف او خطة الترفيف
        مكتبة القاهرة الكبرى مكتبة القاهرة الكبرى 03/26/2014   342.64\ع ت 63347 03/26/2014 03/26/2014 كتاب  
        مكتبة القاهرة الكبرى مكتبة القاهرة الكبرى 03/26/2014   342.64\ع ت 63348 03/26/2014 03/26/2014 كتاب  
        مكتبة القاهرة الكبرى مكتبة القاهرة الكبرى 05/28/2022   342.64\ع ت 167985 05/28/2022 05/28/2022 كتاب ddc

Powered By

EGPV